<?xml version="1.0" encoding="UTF-8"?>
<record
    xmlns:xsi="http://www.w3.org/2001/XMLSchema-instance"
    xsi:schemaLocation="http://www.loc.gov/MARC21/slim http://www.loc.gov/standards/marcxml/schema/MARC21slim.xsd"
    xmlns="http://www.loc.gov/MARC21/slim">

  <leader>00424cam a22001331  4500</leader>
  <datafield tag="082" ind1=" " ind2=" ">
    <subfield code="a">808.1</subfield>
    <subfield code="b">ERY</subfield>
  </datafield>
  <datafield tag="100" ind1="1" ind2=" ">
    <subfield code="a">Frye, Northrop.</subfield>
    <subfield code="9">45830</subfield>
  </datafield>
  <datafield tag="245" ind1="1" ind2="0">
    <subfield code="a">Fearful symmetry,</subfield>
    <subfield code="b">a study of William Blake,</subfield>
    <subfield code="c">by Northrop Frye.</subfield>
  </datafield>
  <datafield tag="260" ind1=" " ind2=" ">
    <subfield code="a">[Princeton, N.J.]</subfield>
    <subfield code="b">Princeton University Press,</subfield>
    <subfield code="c">1947.</subfield>
  </datafield>
  <datafield tag="300" ind1=" " ind2=" ">
    <subfield code="a">6 p. l., [3]-462 p.</subfield>
    <subfield code="b">plates.</subfield>
    <subfield code="c">24 cm.</subfield>
  </datafield>
  <datafield tag="526" ind1=" " ind2=" ">
    <subfield code="a">0</subfield>
    <subfield code="b">0</subfield>
    <subfield code="c">0</subfield>
    <subfield code="d">808_100000000000000_ERY</subfield>
  </datafield>
  <datafield tag="650" ind1=" " ind2=" ">
    <subfield code="a">MCE</subfield>
    <subfield code="9">379</subfield>
  </datafield>
  <datafield tag="942" ind1=" " ind2=" ">
    <subfield code="2">ddc</subfield>
    <subfield code="c">BK</subfield>
  </datafield>
  <datafield tag="999" ind1=" " ind2=" ">
    <subfield code="c">549268</subfield>
    <subfield code="d">549268</subfield>
  </datafield>
  <datafield tag="952" ind1=" " ind2=" ">
    <subfield code="0">0</subfield>
    <subfield code="1">0</subfield>
    <subfield code="2">ddc</subfield>
    <subfield code="4">0</subfield>
    <subfield code="7">0</subfield>
    <subfield code="a">MCE</subfield>
    <subfield code="b">MCE</subfield>
    <subfield code="d">2014-09-23</subfield>
    <subfield code="l">0</subfield>
    <subfield code="o">808.1 ERY</subfield>
    <subfield code="p">MCE-2088</subfield>
    <subfield code="r">2014-09-23</subfield>
    <subfield code="w">2014-09-23</subfield>
    <subfield code="y">BK</subfield>
  </datafield>
</record>
